000
00328nam a22001577a 4500
003
SGT
020
_a
9788121901451
082
_b
PAN
100
_a
PANDEY, B.P
245
_a
PLANT ANATOMY
250
_a
3RD
260
_a
DELHI
_b
S.Chand (G/L) & Company
_c
1996
300
_a
644
650
_a
AGRICULTURE
942
_2
ddc
_c
BK
_0
1
999
_c
13797
_d
13797